00330nam a2200109Ia 4500008004100000020002200041040002900063050002200092100001400114245005600128260003600184230104s9999||||xx |||||||||||||| ||und|| a978-0-07-352504-4 cChuka University Library aHD 30.3bH36 1988 aHanna,M.S 0aCommunicating in business and professional settings aRandom house co;bAlabumac1988